<?xml version="1.0" encoding="UTF-8"?>
<record
    xmlns:xsi="http://www.w3.org/2001/XMLSchema-instance"
    xsi:schemaLocation="http://www.loc.gov/MARC21/slim http://www.loc.gov/standards/marcxml/schema/MARC21slim.xsd"
    xmlns="http://www.loc.gov/MARC21/slim">

  <leader>00840cam0a220021700 4500</leader>
  <controlfield tag="001">zam00000681</controlfield>
  <controlfield tag="008">951128s1987    xx                  eng u</controlfield>
  <datafield tag="020" ind1=" " ind2=" ">
    <subfield code="a">00682833086</subfield>
  </datafield>
  <datafield tag="035" ind1=" " ind2=" ">
    <subfield code="a">(Sirsi) r18171</subfield>
  </datafield>
  <datafield tag="035" ind1=" " ind2=" ">
    <subfield code="a">(MACHINE)00935</subfield>
  </datafield>
  <datafield tag="100" ind1="1" ind2=" ">
    <subfield code="a">Mead, William, 1628-1713.</subfield>
    <subfield code="d">Mead, William, 1628-1713.</subfield>
    <subfield code="6">A7279.1</subfield>
  </datafield>
  <datafield tag="245" ind1="1" ind2="0">
    <subfield code="a">Sweden :</subfield>
    <subfield code="b">the land of today.</subfield>
  </datafield>
  <datafield tag="260" ind1=" " ind2=" ">
    <subfield code="a">Surrey :</subfield>
    <subfield code="b">Colour Library Books,</subfield>
    <subfield code="c">1987.</subfield>
  </datafield>
  <datafield tag="650" ind1=" " ind2=" ">
    <subfield code="a">Sweden -- Social life and customs.</subfield>
    <subfield code="x">Sweden -- Social life and customs.</subfield>
    <subfield code="6">S56980.1</subfield>
  </datafield>
  <datafield tag="650" ind1=" " ind2=" ">
    <subfield code="a">Sweden -- Politics and government.</subfield>
    <subfield code="x">Sweden -- Politics and government.</subfield>
    <subfield code="6">S52838.2</subfield>
  </datafield>
  <datafield tag="650" ind1=" " ind2=" ">
    <subfield code="a">Sweden -- Social conditions.</subfield>
    <subfield code="x">Sweden -- Social conditions.</subfield>
    <subfield code="6">S31093.2</subfield>
  </datafield>
  <datafield tag="700" ind1=" " ind2=" ">
    <subfield code="a">William Mead.</subfield>
    <subfield code="6">A77131.1</subfield>
  </datafield>
  <datafield tag="949" ind1=" " ind2=" ">
    <subfield code="a">DL/631</subfield>
    <subfield code="w">lcc</subfield>
    <subfield code="i">-14843</subfield>
    <subfield code="p">2500</subfield>
    <subfield code="t">BOOK</subfield>
    <subfield code="l">ON-SHELF</subfield>
  </datafield>
  <controlfield tag="004">18171</controlfield>
  <datafield tag="900" ind1=" " ind2=" ">
    <subfield code="5">1987</subfield>
    <subfield code="8">DL/631</subfield>
    <subfield code="9">MEA</subfield>
    <subfield code="c">1</subfield>
    <subfield code="p">2500</subfield>
  </datafield>
  <datafield tag="999" ind1=" " ind2=" ">
    <subfield code="c">163242</subfield>
    <subfield code="d">163242</subfield>
  </datafield>
</record>
